| 000 | 00663nam a2200181 i 4500 | ||
|---|---|---|---|
| 001 | 155595 | ||
| 003 | ES-MaACL | ||
| 005 | 20230906210134.0 | ||
| 008 | 950110s1845 sp |||| | spa d | ||
| 040 |
_aEUS _bspa _cEUS |
||
| 100 | 1 |
_aHorozco, Agustín de. _9128029 |
|
| 245 | 1 | 0 |
_aHistoria de la ciudad de Cádiz / _ccompuesta por Agustín de Horozco. |
| 260 |
_aCádiz : _bAyuntamiento, _c1845 ( _fEn la Imprenta de Don Manuel Bosch) |
||
| 300 |
_aVIII, 311, 15 p., [5] h de lám. ; _c23 cm. |
||
| 500 | _aApéndice: Medallas antiguas gaditanas, con 5 láms. | ||
| 651 | 4 |
_aCádiz- _xHistoria. _9143770 |
|
| 852 |
_aES-MaACL _jF-4025 _z-- Enc. pasta española |
||
| 999 |
_c155595 _d155595 |
||